Метод определения истиных напряжений в толстостенных образцах при кручении; Заводская лаборатория; Т. 37, № 1

Bibliographic Details
Parent link:Заводская лаборатория/ Министерство металлургической промышленности СССР.— , 1932-1994.— 0321-4265
Т. 37, № 1.— 1971.— с. 102-104
Main Author: Пахотин К. К.
Other Authors: Седоков Л. М.
Language:Russian
Published: 1971
Subjects:
Format: Book Chapter
KOHA link:https://koha.lib.tpu.ru/cgi-bin/koha/opac-detail.pl?biblionumber=442552

MARC

LEADER 00000naa2a2200000 4500
001 442552
005 20231101081658.0
035 |a (RuTPU)RU\TPU\prd\104171 
035 |a RU\TPU\tpu\11082 
090 |a 442552 
100 |a 20110329a1971 k y0rusy50 ca 
101 0 |a rus 
102 |a RU 
200 1 |a Метод определения истиных напряжений в толстостенных образцах при кручении  |f К. К. Пахотин, Л. М. Седоков 
461 1 |0 (RuTPU)RU\TPU\prd\169  |x 0321-4265  |t Заводская лаборатория  |f Министерство металлургической промышленности СССР  |d 1932-1994 
463 1 |0 (RuTPU)RU\TPU\prd\104169  |t Т. 37, № 1  |v с. 102-104  |d 1971 
610 1 |a напряжение 
610 1 |a кручение 
610 1 |a трубчатые образцы 
610 1 |a труды учёных ТПУ 
700 1 |a Пахотин  |b К. К. 
701 1 |a Седоков  |b Л. М. 
801 1 |a RU  |b 63413507  |c 20030703  |g PSBO 
801 2 |a RU  |b 63413507  |c 20110329  |g PSBO 
942 |c BK